Économie bancaire / (Record no. 114943)

MARC details
000 -LEADER
campo de control de longitud fija 01054nam a2200337 i 4500
001 - NÚMERO DE CONTROL
campo de control 114943
003 - IDENTIFICADOR DE NÚMERO DE CONTROL
campo de control mxcmmo
005 - FECHA Y HORA DE LA ÚLTIMA TRANSACCIÓN
campo de control 20260415104500.0
008 - DATOS DE LONGITUD FIJA--INFORMACIÓN GENERAL
campo de control de longitud fija 260311s1999 fr a|||g b||| 00| 0 fre d
020 ## - NÚMERO INTERNACIONAL ESTÁNDAR DEL LIBRO
Número Internacional Estándar del Libro 2707131032
035 ## - NÚMERO DE CONTROL DEL SISTEMA
Número de control de sistema 260376
040 ## - FUENTE DE CATALOGACIÓN
Centro catalogador/agencia de origen mxcmmo
Lengua de catalogación spa
Centro/agencia transcriptor mxcmmo
Normas de descripción rda
041 0# - CÓDIGO DE IDIOMA
Código de lengua del texto/banda sonora o título independiente fra
043 ## - CÓDIGO DE ÁREA GEOGRÁFICA
Código de área geográfica e-fr---
045 ## - PERIODO DE TIEMPO DEL CONTENIDO
Código de periodo de tiempo x3x9
082 04 - NÚMERO DE LA CLASIFICACIÓN DECIMAL DEWEY
Clasificación 332.1
Número de ítem SCI.e
100 1# - ENTRADA PRINCIPAL--NOMBRE DE PERSONA
Nombre de persona Scialom, Laurence
Término indicativo de función/relación autor
9 (RLIN) 207836
245 10 - MENCIÓN DEL TÍTULO
Título Économie bancaire /
Mención de responsabilidad, etc. Laurence Scialom
264 #1 - PRODUCCIÓN, PUBLICACIÓN, DISTRIBUCIÓN, FABRICACIÓN Y COPYRIGHT
Producción, publicación, distribución, fabricación y copyright Paris :
Nombre del de productor, editor, distribuidor, fabricante Éditions La Découverte,
Fecha de producción, publicación, distribución, fabricación o copyright 1999
300 ## - DESCRIPCIÓN FÍSICA
Extensión 121 páginas :
Otras características físicas tablas ;
Dimensiones 18 cm
336 ## - TIPO DE CONTENIDO
Término de tipo de contenido texto
Código de tipo de contenido txt
Fuente rdacontent
337 ## - TIPO DE MEDIO
Nombre/término del tipo de medio sin medio
Código del tipo de medio n
Fuente rdamedia
338 ## - TIPO DE SOPORTE
Nombre/término del tipo de soporte volumen
Código del tipo de soporte nc
Fuente rdacarrier
490 0# - MENCIÓN DE SERIE
Mención de serie Collection Repères ;
Designación de volumen o secuencia 268
504 ## - NOTA DE BIBLIOGRAFÍA, ETC.
Nota de bibliografía, etc. Nota Incluye referencias bibliográficas (páginas 113-119)
541 0# - NOTA DE FUENTE DE ADQUISICIÓN DIRECTA
Fuente de adquisición Dr. Carlos Marichal
Forma de adquisición Donación
650 #7 - PUNTO DE ACCESO ADICIONAL DE MATERIA--TÉRMINO DE MATERIA
Término de materia o nombre geográfico como elemento de entrada Bancos y operaciones bancarias
Subdivisión geográfica Francia
9 (RLIN) 73056
900 ## - ELEMENTOS DE DATOS A LOCAL, LDA (RLIN)
Nombre de persona Luis Manuel Hernández
Numeración Rocío José González
901 ## - ELEMENTOS DE DATOS A LOCAL LDA (RLIN)
a Chávez Lorenzo, María de Lourdes
942 ## - ELEMENTOS DE ENTRADA SECUNDARIOS (KOHA)
Fuente del sistema de clasificación o colocación Clasificación Decimal Dewey
Tipo de ítem Koha Libro
Holdings
Estatus retirado Estado de pérdida Fuente del sistema de clasificación o colocación Estado de daño No para préstamo Colección Biblioteca de origen Biblioteca actual Fecha de adquisición Fuente de adquisición Número de inventario Total de préstamos Signatura topográfica completa Código de barras Visto por última vez Precio de reemplazo Tipo de ítem Koha
    Clasificación Decimal Dewey     Colección Dr. Carlos Marichal Biblioteca Nicolas Poussin Biblioteca Nicolas Poussin 11/03/2026 Donación 141493   (GCM)/332.1 SCI.e 33006801146309 11/03/2026 11/03/2026 Libro préstamo regular